| 000 | 01486nam a2200373Ia 4500 | ||
|---|---|---|---|
| 001 | ebr10687669 | ||
| 003 | CaPaEBR | ||
| 006 | m u | ||
| 007 | cr cn||||||||| | ||
| 008 | 130213s2013 ne a esb 000 0 eng d | ||
| 020 | _z9462091862 (pbk) | ||
| 020 | _z9462091870 (hbk) | ||
| 020 | _z9462091889 (ebk) | ||
| 020 | _z9789462091863 (pbk) | ||
| 020 | _z9789462091870 (hbk) | ||
| 020 | _z9789462091887 (ebk) | ||
| 040 |
_aCaPaEBR _cCaPaEBR |
||
| 035 | _a(OCoLC)828921914 | ||
| 050 | 1 | 4 |
_aLB1027 _b.R43 2013eb |
| 245 | 0 | 0 |
_aRealising exemplary practice-based education _h[electronic resource] / _cedited by Joy Higgs ... [et al.]. |
| 260 |
_aRotterdam : _bSense Publishers, _cc2013. |
||
| 300 |
_axi, 304 p. : _bill. |
||
| 490 | 1 |
_aPractice, education, work and society ; _vv. 7 |
|
| 500 | _aEditors: Joy Higgs, Dale Sheehan, Julie Baldry Currens, Wil Letts and Gail M. Jensen. | ||
| 504 | _aIncludes bibliographical references. | ||
| 533 |
_aElectronic reproduction. _bPalo Alto, Calif. : _cebrary, _d2013. _nAvailable via World Wide Web. _nAccess may be limited to ebrary affiliated libraries. |
||
| 650 | 0 |
_aResearch _xMethodology. |
|
| 650 | 0 |
_aEducation _xResearch. |
|
| 655 | 7 |
_aElectronic books. _2local |
|
| 700 | 1 | _aHiggs, Joy. | |
| 710 | 2 | _aebrary, Inc. | |
| 830 | 0 |
_aPractice, education, work and society ; _vv. 7. |
|
| 856 | 4 | 0 |
_uhttp://site.ebrary.com/lib/rucke/Doc?id=10687669 _zAn electronic book accessible through the World Wide Web; click to view |
| 999 |
_c11988 _d11988 |
||